000 00663nam a2200181Ia 4500
008 100921s9999 xx 000 0 und d
082 _b22630
_a891.463 थ 90
100 _aकाशीकर एस.एम्र.
245 _aएक पाऊल पुढे.
260 _bमनोरमा प्रकाशन,मुंबई.
_c1990
300 _a152
_bभावे पुस्तक भांडार,पुणे
365 _b50
520 _aललित-कादंबरी.
630 _aएक पाऊल पुढे.
650 _aललित-कादंबरी.
730 _aएक पाऊल पुढे.
942 _cBOOK
999 _c771743
_d771740